| 000 | 00323nam a2200133 i 4500 | ||
|---|---|---|---|
| 001 | bg | ||
| 100 | 1 | _aSIERGEEV, G. J. | |
| 245 | 0 |
_aMetallovedenie urana i nekatorych reaktorov / _cG.J. Siergeev. |
|
| 260 |
_aMoskva, _c1960. |
||
| 040 | _cBPK | ||
| 041 | _apol | ||
| 942 | _cKS | ||
| 008 | s pl f |000 0 pol | ||
| 999 |
_c12764 _d12764 |
||
| 856 |
_uhttp://koha.tu.koszalin.pl/cgi-bin/koha/opac-detail.pl?biblionumber=12764 _yKatalog online BPK |
||